The new dinamic project management : winning through competitive advantage /
Contenido: 1. Administración del proyecto: introducción y visión de conjunto. 2. Crear organizaciones para el trabajo del proyecto. 3. Planeación de negocios y proyectos en el mercado global. 4. Planeación y desarrollo de metodologías. 5. Trazar la ruta con las herramientas de planeación. 6. Program...
-д хадгалсан:
| Үндсэн зохиолч: | |
|---|---|
| Бусад зохиолчид: | |
| Формат: | Ном |
| Хэл сонгох: | англи |
| Хэвлэсэн: |
Nueva York, EUA :
Wiley,
2001, c2001
|
| Хэвлэл: | 2a edición |
| Нөхцлүүд: | |
| Шошгууд: |
Шошго байхгүй, Энэхүү баримтыг шошголох эхний хүн болох!
|
MARC
| LEADER | 00000nam^a2200000^a^4500 | ||
|---|---|---|---|
| 001 | 000119594 | ||
| 005 | 20250521000000.0 | ||
| 009 | 20260310094323.187 | ||
| 020 | |a 0-471-25494-0 | ||
| 037 | |a Acervo ITESO - Biblioteca | ||
| 041 | |a ING | ||
| 082 | |a 658. 4012 |b KEZ | ||
| 100 | |a Kezsbom, Deborah S. |e (autor) | ||
| 245 | 1 | 4 | |a The new dinamic project management : |b winning through competitive advantage / |c D.S. Kezsbom, K.A. Edward. |
| 250 | |a 2a edición | ||
| 264 | 4 | |a Nueva York, EUA : |b Wiley, |c 2001, c2001 | |
| 300 | |a XX, 574 p. | ||
| 336 | |a texto |b txt |2 rdacontenido | ||
| 337 | |a sin mediación |b n |2 rdamedio | ||
| 338 | |a volumen |b nc |2 rdasoporte | ||
| 520 | |a Contenido: 1. Administración del proyecto: introducción y visión de conjunto. 2. Crear organizaciones para el trabajo del proyecto. 3. Planeación de negocios y proyectos en el mercado global. 4. Planeación y desarrollo de metodologías. 5. Trazar la ruta con las herramientas de planeación. 6. Programación de las actividades del proyecto. 7. Optimizar el calendario. 8. Liderazgo en el ambiente del proyecto. 9. Planear para y utilizar el conflicto. 10. Guiar y controlar el proyecto. 11. Comunicación organizacional e interpersonal en el proyecto. 12. Calidad en el ambiente del proyecto. 13. Consolidación y mantenimiento del desempeño del equipo de trabajo. 14. Administración de contratos y 15. Administración del proyecto en la era de la información. | ||
| 649 | |a XX | ||
| 650 | |a Planeación Administrativa | ||
| 650 | |a Administración de Proyectos | ||
| 650 | |a Proceso Administrativo - |x Dirección | ||
| 650 | |a Administración | ||
| 650 | |a Ciencias Administrativas | ||
| 700 | |a Edward, Katherine A. |e (autor) | ||
| 910 | |a Fondo General | ||
| 920 | |a Impresos - Libros | ||
| 930 | |a Colección General | ||
| 905 | |a 101 | ||
| 901 | |a 0500054280 |b IT1 |c ACC |u 20250521 | ||
| 902 | |a https://opac.biblio.iteso.mx/vufind/Record/000119594 | ||